Emilio Zola: lo que cuenta de él su hija
Guardat en:
| Autor principal: | |
|---|---|
| Format: | Llibre |
| Idioma: | espanyol |
| Publicat: |
Madrid
Zevs Sociedad Anónima Editorial
1931
|
| Edició: | 1a. ed |
| Matèries: | |
| Etiquetes: |
Afegir etiqueta
Sense etiquetes, Sigues el primer a etiquetar aquest registre!
|
MARC
| LEADER | 00000cam a2200000 a 4500 | ||
|---|---|---|---|
| 001 | UCE6433 | ||
| 003 | CL-VaPUC | ||
| 008 | 150409e19310000sp |||||||||||||||||spa|d | ||
| 082 | 0 | 4 | |a 843.9 |b BLO |2 21 |
| 100 | 0 | |a Blond-Zola, Denise Le |e author |9 579098 | |
| 245 | 1 | 0 | |a Emilio Zola: lo que cuenta de él su hija |
| 250 | |a 1a. ed | ||
| 300 | |a 362 p | ||
| 942 | |c BK | ||
| 945 | |d 20150409 10:07:00 |a arojas | ||
| 260 | |a Madrid |b Zevs Sociedad Anónima Editorial |c 1931 | ||
| 600 | 0 | 7 | |a ZOLA, EMILE |2 CL-VaPUC |9 316220 |
| 650 | 0 | |a Novela francesa |9 264985 | |
| 650 | 7 | |a NOVELISTAS FRANCESES |2 CL-VaPUC |9 344226 | |
| 650 | 0 | |a Literatura francesa |9 266330 | |
| 650 | 0 | |a Crítica e interpretación literaria |9 266284 | |
| 583 | |a last modification |c 20150409 10:07:00 |k Rodrigo Vera | ||
| 999 | |c 358765 |d 358763 | ||
| 952 | |0 0 |1 0 |3 erd |4 0 |6 843_900000000000000_BLO_1931 |7 0 |8 X |9 467654 |a FDOBUD |b FDOBUD |i 515815K |o 843.9 BLO 1931 |p 515815K |r 2019-11-23 |w 2019-11-23 |y BK_X |z Catalogado en:20150409 |k BUD | ||